|
|
|
|
| LEADER |
00000nam a2200000 a 4500 |
| 001 |
vtls001111005 |
| 003 |
SK-MaSNL |
| 005 |
20260301111506.0 |
| 008 |
250414s1978 xo 0 slo |
| 015 |
|
|
|a SNBA1978
|
| 020 |
|
|
|q (brož.)
|
| 035 |
|
|
|a SNK000053848
|
| 040 |
|
|
|a SNK
|b slo
|c SNK
|e AACR2
|
| 041 |
0 |
|
|a slo
|
| 044 |
|
|
|a xo
|c SK
|
| 080 |
|
|
|a 323.232:016
|2 1981
|
| 080 |
|
|
|a 016
|2 1981
|
| 080 |
|
|
|a 323.232
|2 1981
|
| 110 |
0 |
|
|a Krajská knižnica (Košice, Slovensko)
|4 aut
|9 29615
|
| 245 |
0 |
0 |
|a Masovopolitická práca
|b Súpis odporúčanej literatúry
|c Krajská knižnica
|
| 260 |
|
|
|a Košice
|b Krajská knižnica
|c 1978
|e Košice
|f Krajská knižnica
|
| 300 |
|
|
|a 41 s.
|c 20 cm
|
| 366 |
|
|
|e 250 výtl.
|
| 490 |
0 |
|
|a Bibliografia
|
| 500 |
|
|
|a Č. 3/1978. Lit. 154. Reg. men. Rozmn. 154 zázn. lit. o knihách, čl., refer. v jaz. slov., čes., rus. a maď.
|
| 852 |
|
|
|a Slovenská národná knižnica
|
| 954 |
|
|
|a práca masovopolitická
|a bibliografie odporúčajúce
|
| 958 |
|
|
|a OND
|
| 958 |
|
|
|a SF
|
| 958 |
|
|
|a BQ
|
| 958 |
|
|
|a RM
|
| 999 |
|
|
|c 707151
|d 709081
|
| 952 |
|
|
|a SNK
|b SNK
|y VYP
|7 0
|p 17A1132124
|o snkSC 43228 D1
|i snkKSP 1531/78
|0 0
|1 0
|4 0
|d 2014-11-28
|l 0
|r 2026-02-23 21:20:54
|w 2026-02-23
|